000 00295nam a22001337a 4500
008 181022b xxu||||| |||| 00| 0 eng d
020 _a0883444283
041 _aeng
080 _a316
100 _a50
101 _aSOC
245 _aReligion and Social Conflicts
_cMaduro,O
942 _2udc
_cBK
999 _c50379
_d50379